| 000 | 00427nam a2200145Ia 4500 | ||
|---|---|---|---|
| 008 | 090124s9999 xx 000 0 und d | ||
| 082 | _b204368 | ||
| 245 | _aTHE STREET SINGERS OF LUCKNOW AND OTHER STORIES | ||
| 250 | _a1 | ||
| 260 |
_bNYDER QURRATULAIN _c1996 |
||
| 300 | _a170 | ||
| 630 | _aTHE STREET SINGERS OF LUCKNOW AND OTHER STORIES | ||
| 730 | _aTHE STREET SINGERS OF LUCKNOW AND OTHER STORIES | ||
| 942 | _cBOOK | ||
| 999 |
_c185949 _d185949 |
||